000 00572nam a2200241Ia 4500
003 OSt
005 20221007115723.0
006 a|||||r|||| 00| 0
007 ta
008 221006b |||||||| |||| 00| 0 eng d
024 _a37,959
037 _cTextual
040 _aLCO
_cLCO
_beng
041 _2eng
_aeng
082 _aX:724 N3, Q8
100 _aAHUJA Girish
245 0 _aGuide to Tax Deduction at Source
250 _a15th
260 _c2018
300 _a1164
942 _hX:724 N3, Q8
_cTEXL
999 _c1207522
_d1207522